书目信息 |
| 题名: |
实用电工计算手册
|
|
| 作者: | 周励志 编 | |
| 分册: | ||
| 出版信息: | 沈阳 辽宁科学技术出版社 1990.12 |
|
| 页数: | 509页 | |
| 开本: | 32开 | |
| 丛书名: | ||
| 单 册: | ||
| 中图分类: | ||
| 科图分类: | ||
| 主题词: | 电工单位 , 电工--计算 | |
| 电子资源: | ||
| ISBN: | 7-5381-0930-7 | |
| 000 | 00602nam0 2200217 45 | |
| 001 | 9911030949 | |
| 005 | 20000726091334.6 | |
| 010 | @a7-5381-0930-7@d12.70元 | |
| 100 | @a19991103d1990 km y0chiy0120 ea | |
| 101 | @achi | |
| 105 | @a z 000yy | |
| 200 | 1 | @a实用电工计算手册@AShi Yong Dian Gong Ji Suan Shou Ce@f周励志编@FZhou Li Zhi Bian |
| 210 | @a沈阳@c辽宁科学技术出版社@d1990.12 | |
| 215 | @a509页@d32开 | |
| 606 | 0 | @a电工单位 |
| 606 | 0 | @a电工@x计算 |
| 690 | @v3 | |
| 690 | @aTM11-62@v3 | |
| 701 | @a周励志@4编 | |
| 801 | @aCN@bPFTUser@c19991103 | |
| 905 | @dTM11-62@eZH969@b78699-700@f2 | |
| 实用电工计算手册/周励志编.-沈阳:辽宁科学技术出版社,1990.12 |
| 509页;32开 |
| ISBN 7-5381-0930-7:12.70元 |
| ● |
| 相关链接 |
|
|
|
正题名:实用电工计算手册
索取号:TM11-62/ZH969
 
预约/预借
| 序号 | 登录号 | 条形码 | 馆藏地/架位号 | 状态 | 备注 |
| 1 | 78699 | 200786998 | 自科二线404/404自科库 18排2列5层/ [索取号:TM11-62/ZH969] | 在馆 | |
| 2 | 78700 | 200787005 | 期刊室512/301自科库 5排2列4层/ [索取号:TM11-62/ZH969] | 在馆 |